00313nam a2200121Ia 4500008004100000041000800041082001200049100001800061245004500079260003600124300002400160365000700184240624s9999 xx 000 0 und d aeng a658 BUS aBUSINESSWORLD aBACK TO BASICS TEACHERS STUDENTS AND MAN c2006aNew DelhibBusiness World a206 : p. : cm. ; 27 cRS